Anteproyecto arquitectónico de un Centro Ecoturístico en los termales Las cañitas, en el municipio de Teustepe, Boaco
Presenta un anteproyecto arquitectónico de un Centro Ecoturístico en los termales del municipio de Teustepe, Boaco. Con la elaboración de esta propuesta se pretende aportar un documento que sirva de pauta para el desarrollo ecoturístico del país, y en particular en la zona de estudio, tomando e...
| Main Authors: | , , |
|---|---|
| Other Authors: | |
| Format: | Tesis Section = Libro |
| Language: | Undetermined Spanish |
| Published: |
Managua
UNI
2017
|
| Subjects: |
| LEADER | 01577nam a2200289Ia 4500 | ||
|---|---|---|---|
| 008 | 240830s9999 xx 000 0 und d | ||
| 040 | |a BIBLIOTECA-RUSB/ Mon 721 G984 | ||
| 041 | |a spa | ||
| 082 | |a Mon 721 G984 | ||
| 100 | 1 | |a Gutiérrez García, Jairo Misael | |
| 100 | 1 | |b Méndez Sequeira, Wilder Javier | |
| 100 | 1 | |c Guadamúz Banz, Zótico Nicolás | |
| 245 | 1 | 0 | |a Anteproyecto arquitectónico de un Centro Ecoturístico en los termales Las cañitas, en el municipio de Teustepe, Boaco |
| 260 | |a Managua |b UNI |c 2017 | ||
| 300 | |a 161 p. :il. | ||
| 500 | |a Contiene: anexos e Incluye: CD. | ||
| 502 | |a Tesis (Arquitecto) - UNI, 2017. | ||
| 520 | 3 | |a Presenta un anteproyecto arquitectónico de un Centro Ecoturístico en los termales del municipio de Teustepe, Boaco. Con la elaboración de esta propuesta se pretende aportar un documento que sirva de pauta para el desarrollo ecoturístico del país, y en particular en la zona de estudio, tomando en cuenta las posibilidades reales del aprovechamiento del amplio potencial natural que dicho lugar se encuentra, adaptando el diseño al sitio, mediante un método creativo que logre una adecuada relación entre la arquitectura y el medio natural donde se desarrolle el proyecto. | |
| 650 | 7 | |a DISEÑO ARQUITECTONICO | |
| 650 | 7 | |b ARQUITECTURA DISEÑO Y PLANOS | |
| 650 | 7 | |c DISEÑO DE ESTRUCTURAS | |
| 650 | 7 | |d DETALLES ARQUITECTONICOS | |
| 650 | 7 | |e CENTROS TURISTICOS-TEUSTEPE-BOACO | |
| 700 | 1 | |a Tutor: |b Solís Leytón, Álvaro Leonel | |
| 942 | |c BK |2 ddc | ||
| 991 | |a TESIS | ||
| 999 | |c 21164 | ||